[Event "Lueneburg NSV rapid op"]
[White "Rostalski, Walter"]
[Black "Reher, Wolfgang"]
[Site "Lueneburg"]
[Round "4"]
[Result "1-0"]
[Date "2018.07.14"]
[WhiteElo "2230"]
[BlackElo "1906"]
[PlyCount "59"]
[EventDate "2018.07.14"]
[EventType "swiss (rapid)"]
[EventRounds "9"]
[EventCountry "GER"]
[SourceTitle "CBM 185 Extra"]
[Source "ChessBase"]
[SourceDate "2018.07.29"]
[SourceVersion "1"]
[SourceVersionDate "2018.07.29"]
[SourceQuality "1"]

1. Nf3 e6 2. g3 f5 3. Bg2 Nf6 4. 0-0 c6 5. d4 d5 6. c4 Bd6 7. c5 Bc7 8. Bf4 0-0 9. Nc3 b6 10. b4 a5 11. a3 axb4 12. axb4 Rxa1 13. Qxa1 bxc5 14. bxc5 Ba6 15. Rb1 Bc4 16. e3 Ne4 17. Na4 h6 18. Nb6 Bb5 19. Bxc7 Qxc7 20. Ne5 Nf6 21. Bf1 Bxf1 22. Rxf1 Nbd7 23. Nexd7 Nxd7 24. Rb1 Rb8 25. Qa6 Kf7 26. Kg2 Ke7 27. Qa5 Rb7 28. h4 g6 29. Qb4 Kf6 30. Nxd7+ 1-0

[Event "Pinneberg-ch op"]
[White "Rostalski, Walter"]
[Black "Pehlgrim, Andreas"]
[Site "Pinneberg"]
[Round "3"]
[Result "1/2-1/2"]
[Date "1998.09.10"]
[WhiteElo "2230"]
[BlackElo "2180"]
[PlyCount "104"]
[EventDate "1998.08.??"]
[EventType "swiss"]
[EventRounds "7"]
[EventCountry "GER"]
[SourceTitle "EXT 1999"]
[Source "ChessBase"]
[SourceDate "1998.11.16"]
[SourceVersion "1"]
[SourceVersionDate "1998.11.16"]
[SourceQuality "1"]

1. e4 d6 2. d4 Nf6 3. Nc3 c6 4. g3 Qa5 5. Bg2 e5 6. Nge2 Bg4 7. f3 Bh5 8. Be3 Nbd7 9. 0-0 Be7 10. Qd2 b5 11. a3 a6 12. h3 h6 13. g4 Bg6 14. Ng3 Qc7 15. f4 Nb6 16. b3 0-0-0 17. f5 Bh7 18. a4 Kb7 19. axb5 cxb5 20. d5 Rc8 21. Nce2 Nfd7 22. Ra2 Bh4 23. Rfa1 Ra8 24. Qb4 Bg5 25. Bf2 g6 26. c4 bxc4 27. Be1 Rhb8 28. Rc2 Be7 29. Nc1 Kc8 30. Qc3 Nc5 31. Rca2 Nbd7 32. Bf3 Qb6 33. Kh1 Bg5 34. Bd2 f6 35. Qc2 Bf4 36. Nge2 g5 37. Ba5 Qa7 38. Nc3 Rb7 39. Nb5 Qb8 40. Bd2 Nb6 41. Na3 Nbd7 42. Be1 Bxc1 43. Rxc1 Bg8 44. Bf2 Bf7 45. Nb1 Be8 46. Nc3 Kd8 47. Rca1 Ke7 48. Nb5 Qc8 49. Nc3 Rab8 50. Ne2 Nxb3 51. Rd1 Ndc5 52. Rf1 Na4 1/2-1/2

[Event "Oberliga Nord N 9697"]
[White "Ritscher, Jan Paul"]
[Black "Rostalski, Walter"]
[Site "Germany"]
[Round "?"]
[Result "1-0"]
[Date "1996.??.??"]
[WhiteElo "2295"]
[BlackElo "2250"]
[PlyCount "119"]
[EventDate "1996.10.??"]
[EventType "team-tourn"]
[EventRounds "9"]
[EventCountry "GER"]
[SourceTitle "EXT 1998"]
[Source "ChessBase"]
[SourceDate "1997.11.17"]
[SourceVersion "1"]
[SourceVersionDate "1997.11.17"]
[SourceQuality "1"]

1. e4 g6 2. d4 Bg7 3. g3 d6 4. Bg2 Nf6 5. Ne2 0-0 6. 0-0 e5 7. h3 Nc6 8. c3 Re8 9. d5 Ne7 10. g4 Nd7 11. Ng3 Rf8 12. Qc2 c6 13. dxc6 bxc6 14. b3 Nc5 15. f4 exf4 16. Bxf4 Be5 17. Bxe5 dxe5 18. Nd2 Ba6 19. c4 Ne6 20. Nf3 f6 21. Rad1 Qc7 22. Qc1 c5 23. Ne2 Nc6 24. Nc3 g5 25. Rf2 Rad8 26. Rxd8 Qxd8 27. Nd5 Kg7 28. Ne1 Nf4 29. Qa3 Qa5 30. Qxa5 Nxa5 31. Nxf4 gxf4 32. Rd2 Bc8 33. g5 fxg5 34. Rd5 Nb7 35. Rxe5 Kf6 36. Rd5 Be6 37. Rd2 Ke7 38. Nf3 g4 39. hxg4 Bxg4 40. Ne5 Be6 41. Kf2 Na5 42. Rd1 Rh8 43. Rh1 Kf6 44. Nd3 Kg5 45. Bf3 h5 46. Nxc5 Bf7 47. Nd3 Rd8 48. Ne5 Be8 49. Ke2 Kf6 50. Nd3 Nc6 51. Nxf4 Nd4+ 52. Ke3 Nxf3 53. Kxf3 Rd2 54. Nxh5+ Ke5 55. Nf4 Rxa2 56. Ke3 Ra3 57. Rh6 Rxb3+ 58. Nd3+ Rxd3+ 59. Kxd3 a5 60. Ra6 1-0

[Event "Oberliga Nord N 9495"]
[White "Hochgraefe, Markus"]
[Black "Rostalski, Walter"]
[Site "Germany"]
[Round "?"]
[Result "1-0"]
[Date "1995.??.??"]
[WhiteElo "2270"]
[BlackElo "2270"]
[PlyCount "75"]
[EventDate "1994.10.??"]
[EventType "team-tourn"]
[EventRounds "9"]
[EventCountry "GER"]
[SourceTitle "EXT 1999"]
[Source "ChessBase"]
[SourceDate "1998.11.16"]
[SourceVersion "1"]
[SourceVersionDate "1998.11.16"]
[SourceQuality "1"]

1. c4 Nf6 2. Nc3 g6 3. e4 d6 4. d4 Bg7 5. f3 0-0 6. Be3 e5 7. d5 Nh5 8. Qd2 f5 9. 0-0-0 Nd7 10. exf5 gxf5 11. Bd3 Nc5 12. Bc2 a5 13. Nge2 Bd7 14. Rhg1 a4 15. a3 Nf6 16. Bg5 Qe8 17. Rde1 b5 18. cxb5 Bxb5 19. Nd4 Bd7 20. Kb1 Qg6 21. Ndb5 Ne8 22. Be3 Ra5 23. Qe2 Nb3 24. Qc4 Qf6 25. Bxb3 axb3 26. Qxb3 Qd8 27. Qb4 Qa8 28. a4 Bxb5 29. axb5 Nf6 30. Qc4 e4 31. Kc2 f4 32. Bd4 e3 33. g3 Ne8 34. gxf4 Kh8 35. Rxe3 Qc8 36. Rxe8 Rxe8 37. Rxg7 Qf5+ 38. Kb3 1-0

[Event "Hamburg-ch"]
[White "Pajeken, Wolfgang"]
[Black "Rostalski, Walter"]
[Site "Hamburg"]
[Round "3"]
[Result "1-0"]
[Date "1995.??.??"]
[WhiteElo "2230"]
[BlackElo "2275"]
[PlyCount "71"]
[EventDate "1995.??.??"]
[EventType "swiss"]
[EventRounds "9"]
[EventCountry "GER"]
[SourceTitle "EXT 2014"]
[Source "ChessBase"]
[SourceDate "2013.11.20"]
[SourceVersion "1"]
[SourceVersionDate "2013.11.20"]
[SourceQuality "1"]

1. d4 Nf6 2. c4 e6 3. Nf3 d5 4. Nc3 Be7 5. Bg5 0-0 6. cxd5 exd5 7. e3 c6 8. Bd3 Ne4 9. Bxe7 Qxe7 10. Bxe4 dxe4 11. Nd2 f5 12. 0-0 Nd7 13. Qc2 Nf6 14. Rab1 Be6 15. b4 Rac8 16. Rfc1 Qf7 17. Ne2 Nd5 18. Nc4 Qe7 19. Qd2 Qh4 20. b5 cxb5 21. Nd6 Rxc1+ 22. Rxc1 Qe7 23. Nxb5 a6 24. Nbc3 Nxc3 25. Rxc3 Qb4 26. a3 Qa5 27. Qc1 b5 28. Rc5 Qa4 29. d5 Bf7 30. Nd4 g6 31. d6 Kg7 32. Rc7 Kh6 33. d7 Qa5 34. Rc8 Kg7 35. Rxf8 Kxf8 36. Nc6 1-0

[Event "Oberliga Nord N 9495"]
[White "Rostalski, Walter"]
[Black "Joecks, Christian"]
[Site "Germany"]
[Round "?"]
[Result "0-1"]
[Date "1995.??.??"]
[WhiteElo "2270"]
[BlackElo "2340"]
[PlyCount "70"]
[EventDate "1994.10.??"]
[EventType "team-tourn"]
[EventRounds "9"]
[EventCountry "GER"]
[SourceTitle "EXT 1999"]
[Source "ChessBase"]
[SourceDate "1998.11.16"]
[SourceVersion "1"]
[SourceVersionDate "1998.11.16"]
[SourceQuality "1"]

1. e4 Nf6 2. e5 Nd5 3. d4 d6 4. Nf3 Nc6 5. c4 Nb6 6. e6 fxe6 7. Bd3 e5 8. d5 Nb4 9. Be4 e6 10. a3 exd5 11. cxd5 Na6 12. Ng5 Qf6 13. Nxh7 Rxh7 14. Bxh7 g6 15. Bg8 Bf5 16. Be6 Bxe6 17. dxe6 Nc5 18. Nc3 Qxe6 19. 0-0 0-0-0 20. Bg5 Rd7 21. b4 Nb3 22. Rb1 Nd4 23. Be3 c5 24. Ne4 Kb8 25. bxc5 dxc5 26. Ng5 Qf5 27. Nh3 e4 28. Bxd4 cxd4 29. Rb3 d3 30. Qb1 g5 31. Rb5 Nd5 32. Qb3 a6 33. Ra5 g4 34. Nf4 Qxf4 35. Rxd5 Qf7 0-1

[Event "Hamburg-ch"]
[White "Schulz, Hans Juergen"]
[Black "Rostalski, Walter"]
[Site "Hamburg"]
[Round "9"]
[Result "1-0"]
[Date "1995.??.??"]
[WhiteElo "2245"]
[BlackElo "2275"]
[PlyCount "62"]
[EventDate "1995.??.??"]
[EventType "swiss"]
[EventRounds "9"]
[EventCountry "GER"]
[SourceTitle "EXT 2014"]
[Source "ChessBase"]
[SourceDate "2013.11.20"]
[SourceVersion "1"]
[SourceVersionDate "2013.11.20"]
[SourceQuality "1"]

1. e4 e5 2. d4 exd4 3. c3 dxc3 4. Bc4 Nf6 5. e5 d5 6. exf6 dxc4 7. Qxd8+ Kxd8 8. Bg5 g6 9. Nxc3 Be6 10. 0-0-0+ Kc8 11. Nge2 c6 12. Ne4 Na6 13. a3 Nc5 14. Nxc5 Bxc5 15. Nc3 b5 16. Ne4 Bf8 17. Bf4 Bd5 18. Nc3 Bxg2 19. Rhe1 Bc5 20. Re5 Bb6 21. Re7 Bf3 22. Rd2 g5 23. Bxg5 Bd8 24. Rxf7 h6 25. Bh4 Bh5 26. Rg7 Bc7 27. Bg3 Ba5 28. Rdd7 Be8 29. Rb7 Bxc3 30. bxc3 Rf8 31. Rgc7+ Kd8 1-0

[Event "Oberliga Nord N 9495"]
[White "Rostalski, Walter"]
[Black "Lamprecht, Frank"]
[Site "Germany"]
[Round "?"]
[Result "1/2-1/2"]
[Date "1994.??.??"]
[WhiteElo "2270"]
[BlackElo "2340"]
[PlyCount "98"]
[EventDate "1994.10.??"]
[EventType "team-tourn"]
[EventRounds "9"]
[EventCountry "GER"]
[SourceTitle "EXT 1999"]
[Source "ChessBase"]
[SourceDate "1998.11.16"]
[SourceVersion "1"]
[SourceVersionDate "1998.11.16"]
[SourceQuality "1"]

1. e4 e6 2. d4 d5 3. Nd2 c5 4. exd5 Qxd5 5. dxc5 Bxc5 6. Ngf3 Nf6 7. Bc4 Qd6 8. 0-0 0-0 9. Qe2 Qc7 10. Ne4 Be7 11. Bg5 Nbd7 12. Bd3 Nd5 13. Bxe7 Nxe7 14. Neg5 Nf6 15. Qe5 Qxe5 16. Nxe5 Ng6 17. Bxg6 hxg6 18. Rfd1 Nd5 19. Ne4 b5 20. Nc5 a5 21. Nc6 a4 22. Nd4 Rb8 23. b3 a3 24. c4 bxc4 25. bxc4 Nb4 26. Nb5 e5 27. Nxa3 Ra8 28. Nb5 Rxa2 29. Rxa2 Nxa2 30. h3 g5 31. Ra1 Nb4 32. Ra7 Bf5 33. Nd6 Bg6 34. Nd7 Rd8 35. c5 f6 36. Rb7 Nc6 37. Nb6 Nd4 38. Nd5 Kf8 39. Ne7 Be8 40. Nef5 Nxf5 41. Nxf5 Bd7 42. Nd6 Ke7 43. Nc4 Ke6 44. Nb6 Bc6 45. Rc7 Bb5 46. Rxg7 Rd1+ 47. Kh2 Rd2 48. Kg1 Rd1+ 49. Kh2 Rd2 1/2-1/2

[Event "Oberliga Nord N 9293"]
[White "Rostalski, Walter"]
[Black "Breyther, Ruediger"]
[Site "Germany"]
[Round "?"]
[Result "1/2-1/2"]
[Date "1993.??.??"]
[WhiteElo "2270"]
[BlackElo "2325"]
[PlyCount "64"]
[EventDate "1992.10.??"]
[EventType "team-tourn"]
[EventRounds "9"]
[EventCountry "GER"]
[SourceTitle "EXT 1997"]
[Source "ChessBase"]
[SourceDate "1996.11.15"]
[SourceVersion "1"]
[SourceVersionDate "1996.11.15"]
[SourceQuality "1"]

1. e4 c5 2. Nf3 e6 3. c3 d5 4. exd5 exd5 5. d4 Nc6 6. Be2 Bd6 7. 0-0 Nge7 8. dxc5 Bxc5 9. Bf4 0-0 10. Nbd2 Ng6 11. Bg3 f5 12. Nb3 Bb6 13. h3 f4 14. Bh2 Kh8 15. Qd2 Be6 16. Nbd4 Bg8 17. Kh1 Qf6 18. Rad1 Rac8 19. Nxc6 bxc6 20. Ba6 Rce8 21. Rde1 Rxe1 22. Rxe1 Nh4 23. Qe2 Nxf3 24. Qxf3 d4 25. c4 d3 26. Qxd3 Qxb2 27. Qe2 Qb4 28. f3 Be3 29. Bg1 Bxg1 30. Rxg1 Qb6 31. c5 Qxc5 32. Bd3 Rd8 1/2-1/2

[Event "Hamburg-ch"]
[White "Reddmann, Hauke"]
[Black "Rostalski, Walter"]
[Site "Hamburg"]
[Round "?"]
[Result "1/2-1/2"]
[Date "1989.??.??"]
[WhiteElo "2285"]
[BlackElo "2275"]
[PlyCount "181"]
[EventDate "1989.??.??"]
[EventType "swiss"]
[EventRounds "9"]
[EventCountry "GER"]
[SourceTitle "TD"]
[Source "ChessBase"]
[SourceDate "1994.03.01"]
[SourceVersion "1"]
[SourceVersionDate "1994.03.01"]
[SourceQuality "1"]

1. c4 Nf6 2. Nc3 g6 3. g3 Bg7 4. Bg2 0-0 5. Nf3 d6 6. d4 Nbd7 7. 0-0 e5 8. dxe5 dxe5 9. Qc2 c6 10. b3 Re8 11. Bb2 e4 12. Ng5 e3 13. fxe3 h6 14. Nxf7 Kxf7 15. Ne4 Re6 16. c5 Qe7 17. Rad1 Kg8 18. Nd6 Kh7 19. Bh3 Nf8 20. e4 Bd7 21. Rf2 Re5 22. Bxe5 Qxe5 23. Bxd7 N8xd7 24. Nf7 Qxc5 25. Qxc5 Nxc5 26. e5 Nd5 27. Rd4 Re8 28. e4 Nb6 29. b4 Ncd7 30. Kg2 Kg8 31. Rd6 Kh7 32. e6 Nf8 33. Rd8 Rxe6 34. Nd6 Kg8 35. Nxb7 Rxe4 36. Nc5 Re7 37. a4 Nd5 38. b5 Ne3+ 39. Kg1 cxb5 40. axb5 Nf5 41. Kg2 h5 42. Ra2 Bd4 43. Nd3 Bb6 44. Ra8 g5 45. Nb4 Ne3+ 46. Kh1 Rf7 47. h3 Rf1+ 48. Kh2 g4 49. hxg4 hxg4 50. Nc6 Nc4 51. Re2 Rf6 52. Re4 Ne3 53. Kg1 Rf1+ 54. Kh2 Rf2+ 55. Kh1 Rf3 56. Nd4 Rxg3 57. Ne6 Rh3+ 58. Kg1 Rf3 59. Rxf8+ Rxf8 60. Nxf8 Kxf8 61. Kf2 Nf5+ 62. Kg2 Nh6 63. Re6 Kg7 64. Kg3 Nf5+ 65. Kxg4 Nd4 66. Re5 Kf6 67. Rh5 Bc7 68. Rd5 Bb6 69. Rh5 Ne6 70. Kf3 Kg6 71. Re5 Nc5 72. Rd5 Kf6 73. Ke3 Ke6 74. Rh5 Nb7+ 75. Kd3 Nd6 76. Kc3 Ba5+ 77. Kd4 Bb6+ 78. Kc3 Nf7 79. Kb4 Kd6 80. Rh1 Ne5 81. Rd1+ Ke6 82. Rd2 Nf7 83. Rd1 Nd6 84. Rd2 Kd7 85. Rd1 Kc7 86. Rh1 Kb7 87. Rh7+ Bc7 88. Re7 Nf5 89. Rf7 Nd4 90. Rh7 Nf5 91. Kc5 1/2-1/2

[Event "Bargteheide op"]
[White "Rostalski, Walter"]
[Black "Blauert, Joerg"]
[Site "Bargteheide"]
[Round "?"]
[Result "1/2-1/2"]
[Date "1989.??.??"]
[WhiteElo "2275"]
[BlackElo "2275"]
[PlyCount "43"]
[EventDate "1989.??.??"]
[EventType "swiss"]
[EventRounds "7"]
[EventCountry "GER"]
[SourceTitle "TD"]
[Source "ChessBase"]
[SourceDate "1994.03.01"]
[SourceVersion "1"]
[SourceVersionDate "1994.03.01"]
[SourceQuality "1"]

1. e4 e5 2. Nf3 Nc6 3. Bb5 a6 4. Ba4 Nf6 5. 0-0 Nxe4 6. d4 b5 7. Bb3 d5 8. dxe5 Be6 9. c3 Bc5 10. Qe2 0-0 11. Be3 Bxe3 12. Qxe3 f6 13. Nd4 Nxd4 14. cxd4 fxe5 15. dxe5 Qe7 16. Nc3 Nxc3 17. bxc3 c5 18. Rad1 Rad8 19. f4 g6 20. Qf3 Qd7 21. Rd2 c4 22. Bc2 1/2-1/2

[Event "Bargteheide op"]
[White "Schirm, Friedmar"]
[Black "Rostalski, Walter"]
[Site "Bargteheide"]
[Round "6"]
[Result "0-1"]
[Date "1988.??.??"]
[WhiteElo "2275"]
[BlackElo "2275"]
[PlyCount "80"]
[EventDate "1988.??.??"]
[EventType "swiss"]
[EventRounds "7"]
[EventCountry "GER"]
[SourceTitle "EXT 1997"]
[Source "ChessBase"]
[SourceDate "1996.11.15"]
[SourceVersion "1"]
[SourceVersionDate "1996.11.15"]
[SourceQuality "1"]

1. Nf3 Nf6 2. c4 g6 3. Nc3 Bg7 4. e4 d6 5. d4 0-0 6. Be2 e5 7. 0-0 Nbd7 8. Re1 c6 9. Bf1 a5 10. dxe5 dxe5 11. Na4 Qe7 12. Qc2 Re8 13. c5 Nh5 14. Bg5 f6 15. Be3 Nf4 16. Nd2 Ne6 17. Nc4 Kh8 18. Rad1 Nd4 19. Bxd4 exd4 20. Nd6 Rf8 21. Rxd4 f5 22. Rdd1 f4 23. f3 Rb8 24. Qd2 Ne5 25. Qxa5 Be6 26. b3 g5 27. Nf5 Bxf5 28. exf5 g4 29. fxg4 Qh4 30. h3 h5 31. Qd2 hxg4 32. Qxf4 Rbe8 33. g3 Qh5 34. Rxe5 Bxe5 35. Qxg4 Qh6 36. Bc4 Rg8 37. Bxg8 Rxg8 38. Qe4 Bxg3 39. Kf1 Qxh3+ 40. Ke2 Qh5+ 0-1

[Event "Bundesliga 8687"]
[White "Ribli, Zoltan"]
[Black "Rostalski, Walter"]
[Site "Germany"]
[Round "?.1"]
[Result "1-0"]
[Date "1987.??.??"]
[WhiteElo "2580"]
[BlackElo "2275"]
[PlyCount "45"]
[EventDate "1986.10.??"]
[EventType "team-tourn"]
[EventRounds "15"]
[EventCountry "GER"]
[SourceTitle "GER-chT"]
[Source "ChessBase"]
[SourceDate "1999.07.01"]
[SourceVersion "1"]
[SourceVersionDate "1999.07.01"]
[SourceQuality "1"]
[WhiteTeam "Bayern Muenchen"]
[BlackTeam "Hamburger SG BUE"]
[WhiteTeamCountry "GER"]
[BlackTeamCountry "GER"]

1. Nf3 d5 2. d4 Nf6 3. c4 e6 4. g3 Bb4+ 5. Nc3 0-0 6. Bg2 Ne4 7. Qc2 Nxc3 8. bxc3 Be7 9. h4 Nd7 10. Ng5 Nf6 11. Bf4 h6 12. Be5 hxg5 13. hxg5 Ne4 14. Bxe4 dxe4 15. Qxe4 f5 16. Qh4 Kf7 17. Qh5+ g6 18. Qh7+ Ke8 19. Qxg6+ Kd7 20. Rh7 Qe8 21. Qg7 Rg8 22. Qh6 Kd8 23. Bf6 1-0

[Event "Bundesliga 8687"]
[White "Rostalski, Walter"]
[Black "Lobron, Eric"]
[Site "Germany"]
[Round "?.2"]
[Result "0-1"]
[Date "1987.??.??"]
[WhiteElo "2275"]
[BlackElo "2540"]
[PlyCount "82"]
[EventDate "1986.10.??"]
[EventType "team-tourn"]
[EventRounds "15"]
[EventCountry "GER"]
[SourceTitle "GER-chT"]
[Source "ChessBase"]
[SourceDate "1999.07.01"]
[SourceVersion "1"]
[SourceVersionDate "1999.07.01"]
[SourceQuality "1"]
[WhiteTeam "Hamburger SG BUE"]
[BlackTeam "Solingen"]
[WhiteTeamCountry "GER"]
[BlackTeamCountry "GER"]

1. Nf3 Nf6 2. g3 d5 3. Bg2 c6 4. d4 Bg4 5. Ne5 Bh5 6. Nd3 Nbd7 7. 0-0 Qb6 8. c3 e6 9. Nd2 Bd6 10. Nf3 Bg6 11. Qb3 h6 12. Re1 Bh7 13. Bf4 Bxf4 14. Nxf4 0-0 15. Nd3 Rfc8 16. Qxb6 axb6 17. a3 Ne4 18. Rad1 Nd6 19. Nfe5 Nxe5 20. Nxe5 Ra5 21. e3 f6 22. Nf3 Nc4 23. Re2 Rca8 24. Ne1 Rb5 25. b4 Rxa3 26. Rc1 Kf7 27. e4 Bxe4 28. Bxe4 dxe4 29. Rxe4 Rd5 30. Ng2 g5 31. h3 Rd8 32. Re2 Rda8 33. f4 Ra1 34. Ree1 Rxc1 35. Rxc1 Ra2 36. fxg5 hxg5 37. h4 Nd2 38. hxg5 Nf3+ 39. Kh1 Nxg5 40. Re1 Rf2 41. Re3 Nf3 0-1